Introduction to linear algebra. (Record no. 63721)

000 -LEADER
fixed length control field 00472nam a22001817a 4500
003 - CONTROL NUMBER IDENTIFIER
control field NUST - PNEC
005 - DATE AND TIME OF LATEST TRANSACTION
control field 20170116180821.0
008 - FIXED-LENGTH DATA ELEMENTS--GENERAL INFORMATION
fixed length control field 150617b xxu||||| |||| 00| 0 eng d
020 ## - INTERNATIONAL STANDARD BOOK NUMBER
International Standard Book Number 0201568012
040 ## - CATALOGING SOURCE
Transcribing agency LIBRARY
082 ## - DEWEY DECIMAL CLASSIFICATION NUMBER
Classification number 512 JOH
100 ## - MAIN ENTRY--PERSONAL NAME
9 (RLIN) 4085
Personal name Johnson, Lee W
245 ## - TITLE STATEMENT
Title Introduction to linear algebra.
Statement of responsibility, etc. Lee W. Johnson
260 ## - PUBLICATION, DISTRIBUTION, ETC.
Place of publication, distribution, etc. New York
Name of publisher, distributor, etc. Addison-Wesley
Date of publication, distribution, etc. c1993.
300 ## - PHYSICAL DESCRIPTION
Extent 534 p. :
650 ## - SUBJECT ADDED ENTRY--TOPICAL TERM
9 (RLIN) 4086
Topical term or geographic name entry element Mathemaatics
General subdivision ME
942 ## - ADDED ENTRY ELEMENTS (KOHA)
Source of classification or shelving scheme
Koha item type Book
Holdings
Withdrawn status Lost status Source of classification or shelving scheme Damaged status Not for loan Permanent Location Current Location Shelving location Date acquired Source of acquisition Cost, normal purchase price Total Checkouts Full call number Barcode Date last seen Date last checked out Cost, replacement price Price effective from Koha item type
          Pakistan Navy Engineering College (PNEC) Pakistan Navy Engineering College (PNEC)     Library / Reference Grant 235.00 1 512 JOH PNECLIB-021826 09/19/2016 09/19/2016 235.00   Book
© 2023 Central Library, National University of Sciences and Technology. All Rights Reserved.